000 00407pam a2200157 a 4500
020 _a9788181472502
_c
041 _h
082 _a618
_bBAL/JAC
100 _aBALEN, A .H.,JACOBS, H.S.
245 _aINFERTILITY IN PRACTICE /
_cNULL.
_hTextual Documents
250 _a2ED /
_b.
260 _aNULL :
_bCHURCHILL LIV ,
_c2006.
300 _a489 : :
_bXIII ; ;
_cA4.
930 _a3286
999 _c797820
_d797820
650 _aOBST.GYNE